O dvoch miliónoch firiem KOMPASS - Svetový systém komerčných informácií

KOMPASS - popis predmetu činnosti firiem pomocou medzinárodného komerčného klasifikátora. KOMPASS SLOVAKIA - databáza slovenských firiem.

Gespeichert in:
Bibliographische Detailangaben
Format: Buchkapitel
Sprache:Slowakisch
Schlagworte:
Tags: Tag hinzufügen
Keine Tags, Fügen Sie das erste Tag hinzu!

MARC

LEADER 00000naa a2200000 4500
001 r014542
005 20221213113458.8
041 0 |a slo 
044 |a SK 
245 1 0 |a O dvoch miliónoch firiem  |b KOMPASS - Svetový systém komerčných informácií 
520 |a KOMPASS - popis predmetu činnosti firiem pomocou medzinárodného komerčného klasifikátora. KOMPASS SLOVAKIA - databáza slovenských firiem. 
610 2 0 |a informácie obchodno-ekonomické 
610 2 0 |a systémy informačné 
610 2 0 |a KOMPASS Slovakia Bratislava 
610 2 0 |a Slovensko